000 00579nam a2200193Ia 4500
005 20260114185717.0
008 008 260114s9999 xx 000 0 eng d
020 _a9780755623204
037 _aEBOOK
040 _aCRL
_beng
_cCRL
041 _aeng
_2eng
084 _qCRL
100 _aNicholas Atkin and Frank Tallett
_9873449
245 4 _aThe Right in France From Revolution to Le Pen
260 _bBloomsbury
_c1997
856 _uhttps://doi.org/10.5040/9780755623204?locatt=label:secondary_bloomsburyCollections
942 _cEBOOK
999 _c1472397
_d1472397